| 000 | 00425nam a2200181Ia 4500 | ||
|---|---|---|---|
| 003 | OSt | ||
| 005 | 20230523142256.0 | ||
| 008 | 210210b1920 xxu||||| |||| 00| 0 eng d | ||
| 040 | _cAL | ||
| 041 | _aeng | ||
| 082 | _a825/718 | ||
| 100 |
_aRALEIGH (W) _9111328 |
||
| 245 | _aLiterary essays | ||
| 260 |
_aLondon _bMacmillan & Co. Ltd. _c1920 |
||
| 690 |
_aEnglish Criticism _9111329 |
||
| 906 | _a015034 | ||
| 942 |
_2ddc _cBK |
||
| 999 |
_c134277 _d134277 |
||